000 01325cam a2200133 4500500
005 20260329023209.0
041 _afre
042 _adc
100 1 0 _aLallement, Michel
_eauthor
245 0 0 _aHistoire des idées sociologiques - Tome 1 : Des origines à Weber
260 _bArmand Colin,
_c2023.
520 _aCet ouvrage, désormais un classique, permet de découvrir les auteurs et les textes fondateurs de la sociologie qui ne s’affirme comme discipline constituée et autonome qu’à la fin du XIXe siècle. Il est d’abord consacré à la façon dont le « vivre ensemble » a été analysé par les penseurs et philosophes de l’Antiquité jusqu’au siècle des Lumières. Il analyse ensuite l’émergence de la thématique socialiste et des différentes écoles sociologiques qui se développent au XIXe siècle. Enfin, il présente deux auteurs majeurs : Émile Durkheim et Max Weber. La présente édition a été mise à jour et revue, compte tenu notamment des avancées historiographiques récentes. Une suite chronologique et thématique est proposée dans l’ouvrage du même auteur intitulé : Histoire des idées sociologiques. De Parsons aux contemporains.
856 4 1 _uhttps://shs.cairn.info/histoire-des-idees-sociologiques-tome-1--9782200635442?lang=fr&redirect-ssocas=7080
999 _c1925417
_d1925417